[Event "Kleve - Lasker Köln 2"]
[Site "?"]
[Date "2024.04.14"]
[Round "8.4"]
[White "Auwens, Michel"]
[Black "Rosenkraenzer, Torsten"]
[Result "0-1"]
[WhiteElo "1846"]
[BlackElo "2031"]
[PlyCount "80"]
[EventDate "2024.??.??"]
[SourceVersionDate "2020.03.16"]

1. e4 c5 2. d4 cxd4 3. c3 Nf6 4. Bd3 Nc6 5. Nf3 dxc3 6. Nxc3 d6 7. Bc4 Bg4 8. Qb3 e6 9. Qxb7 Qc8 10. Ba6 Bxf3 11. gxf3 Qxb7 12. Bxb7 Nb4 13. Bxa8 Nc2+ 14. Kd1 Nxa1 15. Be3 Kd7 16. Bxa7 Be7 17. Bb7 Kc7 18. Ba6 Ra8 19. Nb5+ Kc6 20. Kd2 Nd7 21. Rxa1 Nc5 22. Rg1 Bf6 23. Bxc5 dxc5 24. Nc3 Rxa6 25. a3 g6 26. f4 Bd4 27. Rf1 Ra8 28. Kc2 Rb8 29. f3 c4 30. h3 Rb3 31. Ra1 Be3 32. Ne2 Bc5 33. Nc3 Be3 34. Rd1 Rb7 35. Ne2 Kc5 36. Rd8 Rc7 37. f5 gxf5 38. exf5 exf5 39. Ng3 Bg5 40. Nxf5 Bxd8 0-1

[Event "Kleve - Lasker Köln 2"]
[Site "?"]
[Date "2024.04.14"]
[Round "8.5"]
[White "Diesner, Michael"]
[Black "Hoenselaar, Dennis"]
[Result "1/2-1/2"]
[WhiteElo "2008"]
[BlackElo "1885"]
[PlyCount "31"]
[EventDate "2024.??.??"]
[SourceVersionDate "2020.03.16"]

1. Nf3 Nf6 2. g3 c5 3. Bg2 Nc6 4. O-O g6 5. d3 Bg7 6. e4 O-O 7. c3 e5 8. a3 a5 9. a4 d5 10. exd5 Nxd5 11. Na3 Rb8 12. Nb5 Nc7 13. Be3 b6 14. Qc2 Bf5 15. Nxc7 Qxc7 16. Nh4 1/2-1/2

[Event "Kleve - Lasker Köln 2"]
[Site "?"]
[Date "2024.04.14"]
[Round "8.6"]
[White "Fallier, Alfred"]
[Black "Senay, Baris"]
[Result "0-1"]
[WhiteElo "1623"]
[BlackElo "2022"]
[PlyCount "78"]
[EventDate "2024.??.??"]
[SourceVersionDate "2020.03.16"]

1. c4 Nf6 2. Nc3 e6 3. e4 d5 4. d3 dxe4 5. Nxe4 Nxe4 6. dxe4 Qxd1+ 7. Kxd1 Bc5 8. Ke2 Nc6 9. Nf3 e5 10. h3 Be6 11. b3 O-O-O 12. Bb2 f6 13. g4 Rd7 14. Bg2 Rhd8 15. Bc3 a5 16. Rhe1 Rd3 17. Rac1 a4 18. Red1 Rxd1 19. Rxd1 Rxd1 20. Kxd1 axb3 21. axb3 Bxf2 22. Ke2 Bc5 23. g5 b5 24. Kd3 bxc4+ 25. bxc4 Bb4 26. h4 Kb7 27. h5 h6 28. gxf6 gxf6 29. Nh2 Bxc3 30. Kxc3 Nd4 31. Bf1 Kc6 32. Kd3 Kc5 33. Bg2 Bxc4+ 34. Kd2 Be2 35. Nf3 Bxf3 36. Bxf3 Nxf3+ 37. Ke3 Ng5 38. Kd3 c6 39. Ke3 Kc4 0-1

[Event "Kleve - Lasker Köln 2"]
[Site "?"]
[Date "2024.04.14"]
[Round "8.7"]
[White "Mews, Bernhard"]
[Black "Melde, Gunter"]
[Result "1-0"]
[WhiteElo "1960"]
[BlackElo "1632"]
[PlyCount "49"]
[EventDate "2024.??.??"]
[SourceVersionDate "2020.03.16"]

1. c4 e5 2. g3 Nc6 3. Bg2 Nf6 4. Nc3 Bc5 5. e3 O-O 6. Nf3 Qe8 7. O-O a6 8. d4 exd4 9. exd4 Ba7 10. Bg5 d6 11. Bxf6 gxf6 12. Re1 Ne7 13. Qe2 c6 14. Qxe7 Qxe7 15. Rxe7 Bb6 16. Rae1 Ba5 17. Re8 Bd7 18. Rxa8 Rxa8 19. Nd2 Bxc3 20. bxc3 Kf8 21. Ne4 Re8 22. Kf1 Kg7 23. Nxd6 Rxe1+ 24. Kxe1 b6 25. a3 1-0

[Event "Rheinhausen - Porz 3"]
[Site "?"]
[Date "2024.04.14"]
[Round "8.1"]
[White "Finke, Kai"]
[Black "Nabuurs, Mart"]
[Result "1/2-1/2"]
[WhiteElo "2106"]
[BlackElo "2283"]
[PlyCount "51"]
[EventDate "2024.??.??"]
[SourceVersionDate "2020.03.16"]

1. d4 d5 2. c4 e6 3. g3 Nf6 4. Nf3 Be7 5. Bg2 O-O 6. O-O dxc4 7. Ne5 Nc6 8. Bxc6 bxc6 9. Nxc6 Qe8 10. Nxe7+ Qxe7 11. Qa4 e5 12. dxe5 Qxe5 13. Qxc4 Bh3 14. Re1 Rad8 15. Nc3 Rd4 16. Qc6 Nd5 17. Nxd5 Rxd5 18. Qc3 Qxc3 19. bxc3 Ra5 20. Be3 Rb8 21. f3 Be6 22. a4 h6 23. Bf4 Rc5 24. Be3 Ra5 25. Bf4 Rc5 26. Be3 1/2-1/2

[Event "Rheinhausen - Porz 3"]
[Site "?"]
[Date "2024.04.14"]
[Round "8.3"]
[White "Padva, Leo"]
[Black "Feldhaus, Sebastian"]
[Result "0-1"]
[WhiteElo "1981"]
[BlackElo "2081"]
[PlyCount "124"]
[EventDate "2024.??.??"]
[SourceVersionDate "2020.03.16"]

1. d4 Nf6 2. c4 e6 3. g3 d5 4. Bg2 Be7 5. Nf3 O-O 6. O-O dxc4 7. a4 Bd7 8. Ne5 Bc6 9. Nxc6 Nxc6 10. e3 Na5 11. Qe2 Nd5 12. Bd2 Nb3 13. Ra2 Nxd2 14. Qxd2 c6 15. Na3 Bb4 16. Qc2 Bxa3 17. Rxa3 b5 18. axb5 cxb5 19. Bxd5 Qxd5 20. Rfa1 Qb7 21. b4 Qe7 22. Qc3 Rfc8 23. Ra6 Qb7 24. R1a3 Rc6 25. R6a5 a6 26. Qa1 h6 27. Qc3 Rac8 28. Ra1 Rb6 29. R5a3 Qc6 30. Ra5 Qd6 31. R5a2 Rd8 32. Ra5 Kh8 33. R5a2 f6 34. Rd1 Qd5 35. Rda1 Qb7 36. Qc2 Rbd6 37. f4 e5 38. fxe5 fxe5 39. dxe5 Rd2 40. Qxd2 Rxd2 41. Rxd2 Qe4 42. Ra3 Qxe5 43. Rd4 Qe7 44. Kf2 Qxb4 45. Rxa6 Qb2+ 46. Kf3 Qxh2 47. Rd8+ Kh7 48. Raa8 c3 49. Rh8+ Kg6 50. Ra6+ Kg5 51. Rc8 Qh1+ 52. Kf2 Qd5 53. Rac6 Qd2+ 54. Kf3 b4 55. R8c7 Qd1+ 56. Kf2 Qc2+ 57. Kf3 Qf5+ 58. Ke2 Qg4+ 59. Kf2 Kh5 60. Rd6 Qf5+ 61. Ke2 Qb5+ 62. Rd3 b3 0-1

[Event "Rheinhausen - Porz 3"]
[Site "?"]
[Date "2024.04.14"]
[Round "8.4"]
[White "Heinert, Alex"]
[Black "Spindler, Florian"]
[Result "0-1"]
[WhiteElo "2093"]
[BlackElo "1980"]
[PlyCount "82"]
[EventDate "2024.??.??"]
[SourceVersionDate "2020.03.16"]

1. e4 c5 2. Nf3 Nc6 3. Bb5 e6 4. O-O a6 5. Bxc6 dxc6 6. d3 Qc7 7. a4 b5 8. Be3 Nf6 9. Nbd2 Be7 10. Nb3 c4 11. dxc4 bxc4 12. Nbd2 a5 13. e5 Nd5 14. Re1 c3 15. bxc3 Nxc3 16. Qc1 Ba6 17. Qb2 Bb4 18. Nd4 Qxe5 19. N2f3 Qd5 20. Bd2 Qc4 21. Re3 Nxa4 22. Qc1 O-O 23. Bxb4 Qxb4 24. c3 Qb2 25. Qxb2 Nxb2 26. Nxc6 Nc4 27. Ree1 Bb7 28. Nfd4 Ra6 29. Ne5 Nxe5 30. Rxe5 a4 31. Rb5 Bd5 32. Rb4 a3 33. c4 Be4 34. Nb5 Rb8 35. Rb3 a2 36. f3 Bb1 37. Kf2 Ra4 38. Rc3 Kf8 39. Rc1 Rb4 40. Nc3 Rxc4 41. Nxa2 Bxa2 0-1

[Event "Rheinhausen - Porz 3"]
[Site "?"]
[Date "2024.04.14"]
[Round "8.5"]
[White "Paulus, Jeffrey"]
[Black "Sobeck, Oskar"]
[Result "0-1"]
[WhiteElo "1997"]
[BlackElo "1893"]
[PlyCount "130"]
[EventDate "2024.??.??"]
[SourceVersionDate "2020.03.16"]

1. d4 e6 2. c4 Bb4+ 3. Nd2 Nf6 4. Ngf3 O-O 5. a3 Be7 6. e3 d5 7. Qc2 Nbd7 8. c5 a5 9. Bd3 c6 10. b3 b6 11. Ne5 Nxe5 12. dxe5 Nd7 13. Bxh7+ Kh8 14. O-O Nxe5 15. Bb2 Bf6 16. cxb6 Qxb6 17. Bd4 Qc7 18. f4 Ng4 19. Bxf6 gxf6 20. Rf3 f5 21. Rh3 Kg7 22. Nf3 f6 23. Qc3 Nh6 24. Ng5 e5 25. e4 Qb6+ 26. Kh1 Qd4 27. fxe5 Qxc3 28. Rxc3 fxg5 29. Bxf5 Nxf5 30. exf5 Rxf5 31. Re1 Ra6 32. g4 Rf4 33. h3 d4 34. Rc5 Be6 35. Kg1 Rf3 36. Rd1 Rf4 37. b4 axb4 38. axb4 Rb6 39. Ra1 Rf7 40. Rd1 Rf4 41. Ra1 Bd5 42. e6 Re4 43. Ra7+ Kf6 44. Rc1 Rxb4 45. e7 Rb8 46. Rf1+ Rf4 47. Re1 Re8 48. Rd7 Re4 49. Rd6+ Kxe7 50. Rxe4+ Bxe4 51. Rxd4 Kf6 52. Rd7 Bd5 53. Kf2 Ra8 54. Rd6+ Ke5 55. Rh6 Kd4 56. h4 Rf8+ 57. Ke1 Rf4 58. hxg5 Rxg4 59. Kd2 Rg2+ 60. Kd1 Rxg5 61. Kc1 c5 62. Rh4+ Be4 63. Kb2 c4 64. Rh3 Rb5+ 65. Ka1 c3 0-1

[Event "Rheinhausen - Porz 3"]
[Site "?"]
[Date "2024.04.14"]
[Round "8.6"]
[White "Rohfleisch, Daniel"]
[Black "Sistig, Max"]
[Result "0-1"]
[WhiteElo "1962"]
[BlackElo "1952"]
[PlyCount "110"]
[EventDate "2024.??.??"]
[SourceVersionDate "2020.03.16"]

1. e4 c5 2. c3 Nf6 3. e5 Nd5 4. d4 cxd4 5. Nf3 Nc6 6. cxd4 d6 7. Bc4 Nb6 8. Bb5 Bd7 9. exd6 e6 10. Nc3 Bxd6 11. O-O Nb4 12. Bg5 f6 13. Bh4 O-O 14. Re1 Re8 15. Qb3 Bxb5 16. Nxb5 N4d5 17. a4 Bb4 18. Re2 Qd7 19. Nc3 Rac8 20. Rc2 Rc6 21. a5 Bxc3 22. bxc3 Nc4 23. Ne1 Rec8 24. h3 Nd6 25. Rac1 Nf5 26. Nf3 g5 27. Bxg5 fxg5 28. Ne5 Qc7 29. Nxc6 Qxc6 30. c4 Nf4 31. d5 Qc7 32. Qc3 e5 33. c5 Nd4 34. d6 Nfe2+ 35. Kf1 Nxc3 36. dxc7 Nxc2 37. Rxc2 Nb5 38. Re2 Rxc7 39. Rxe5 h6 40. Ke2 Kf7 41. Kd3 Kf6 42. Rd5 Ke6 43. Kc4 Na3+ 44. Kd4 Rd7 45. Rxd7 Kxd7 46. Kd5 a6 47. g3 Nc2 48. f4 Nb4+ 49. Ke5 Nc6+ 50. Kf6 gxf4 51. gxf4 Nxa5 52. Kg6 Nc6 53. Kxh6 a5 54. f5 a4 55. f6 Nd8 0-1

[Event "Rheinhausen - Porz 3"]
[Site "?"]
[Date "2024.04.14"]
[Round "8.8"]
[White "Jentzsch, David"]
[Black "Kliffken, Julian"]
[Result "0-1"]
[WhiteElo "1978"]
[BlackElo "1679"]
[PlyCount "126"]
[EventDate "2024.??.??"]
[SourceVersionDate "2020.03.16"]

1. d4 Nf6 2. c4 e6 3. Nf3 d5 4. Bg5 h6 5. Bxf6 Qxf6 6. e3 b6 7. Nc3 dxc4 8. Bxc4 Bd6 9. O-O Bb7 10. Qe2 g5 11. Rfd1 g4 12. Ne1 Rg8 13. e4 Qg6 14. e5 Be7 15. d5 Nd7 16. Rac1 a6 17. dxe6 fxe6 18. Bd3 Qh5 19. Be4 O-O-O 20. Nd3 Qf7 21. Bxb7+ Kxb7 22. Qe4+ Kb8 23. Qc6 Bg5 24. Rc2 Nf8 25. Nb4 Ka7 26. Rxd8 Bxd8 27. Nxa6 Qd7 28. Nb4 Kb8 29. Rc1 Qxc6 30. Nxc6+ Kc8 31. Rd1 Ng6 32. Nb5 Bg5 33. Kf1 Kb7 34. Ncd4 Rd8 35. Ke1 Rd5 36. Rd3 Nxe5 37. Ra3 c6 38. Nxe6 Rxb5 39. Nxg5 hxg5 40. Re3 Kc7 41. b3 Kd6 42. Kd2 Ra5 43. a4 Rd5+ 44. Kc2 c5 45. h3 gxh3 46. Rxh3 Ng4 47. Rf3 Rd4 48. Rf5 Rf4 49. Rxg5 Rxf2+ 50. Kc3 Rxg2 51. Rg6+ Kc7 52. b4 Rg3+ 53. Kb2 cxb4 54. Ka2 Ra3+ 55. Kb2 Ne5 56. Re6 Nc4+ 57. Kc2 Rxa4 58. Kb3 b5 59. Rh6 Nd2+ 60. Kc2 Ra2+ 61. Kc1 b3 62. Rh7+ Kb6 63. Rh6+ Ka5 0-1

[Event "Kamp-Lintfort - Düsseldorf- Süd"]
[Site "?"]
[Date "2024.04.14"]
[Round "8.1"]
[White "Gula, Julian"]
[Black "Ratering, Jona"]
[Result "0-1"]
[WhiteElo "2151"]
[BlackElo "2155"]
[PlyCount "76"]
[EventDate "2024.??.??"]
[SourceVersionDate "2020.03.16"]

1. Nf3 d5 2. d4 Nf6 3. e3 g6 4. c4 c6 5. Nc3 Bg7 6. Be2 O-O 7. O-O b6 8. Ne5 Bb7 9. b3 Nbd7 10. cxd5 Nxe5 11. dxe5 Nxd5 12. Nxd5 Bxe5 13. Nxe7+ Qxe7 14. Rb1 Rad8 15. Qc2 c5 16. f4 Bg7 17. Bf3 Ba6 18. Be2 Bxe2 19. Qxe2 Qe4 20. Bb2 Rd3 21. Bxg7 Kxg7 22. Rbe1 Rfd8 23. Rf2 Kg8 24. f5 Re8 25. fxg6 hxg6 26. Rf3 Qd5 27. Ref1 Rd2 28. Qc4 Qxc4 29. bxc4 f5 30. g4 fxg4 31. Rf6 Kg7 32. Rf7+ Kh6 33. Rxa7 Rxe3 34. Rb7 Ree2 35. Rff7 Rxa2 36. Rxb6 Rg2+ 37. Kf1 Rxh2 38. Kg1 Rhc2 0-1

[Event "Kamp-Lintfort - Düsseldorf- Süd "]
[Site "?"]
[Date "2024.04.14"]
[Round "8.2"]
[White "Hagen, Gunter"]
[Black "Kontorovitch, Vladimir"]
[Result "1/2-1/2"]
[WhiteElo "2145"]
[BlackElo "2074"]
[PlyCount "63"]
[EventDate "2024.??.??"]
[SourceVersionDate "2020.03.16"]

1. d4 Nf6 2. c4 e6 3. Nf3 b6 4. g3 Ba6 5. Qa4 Be7 6. Bg2 O-O 7. Nc3 Bb7 8. O-O c5 9. Rd1 d6 10. dxc5 bxc5 11. Qc2 Qb6 12. b3 Rd8 13. Bb2 Nc6 14. Rac1 Rac8 15. Qb1 a6 16. e3 Ba8 17. Rd2 Qb7 18. Ng5 Qb8 19. Ne2 h6 20. Bxf6 hxg5 21. Bb2 Ne5 22. Bxa8 Qxa8 23. Bxe5 dxe5 24. Rcd1 f5 25. Nc3 Kf7 26. e4 g6 27. f3 Rd4 28. Ne2 Rxd2 29. Rxd2 Rd8 30. Rxd8 Qxd8 31. Qc2 Qd6 32. Kf2 1/2-1/2

[Event "Kamp-Lintfort - Düsseldorf- Süd"]
[Site "?"]
[Date "2024.04.14"]
[Round "8.3"]
[White "Hoffmann, Andre"]
[Black "Westermann, Johannes"]
[Result "1-0"]
[WhiteElo "2008"]
[BlackElo "2068"]
[PlyCount "143"]
[EventDate "2024.??.??"]
[SourceVersionDate "2020.03.16"]

1. e4 e5 2. Nf3 Nc6 3. Bc4 Nf6 4. Ng5 d5 5. exd5 Na5 6. Bb5+ c6 7. dxc6 bxc6 8. Bd3 h6 9. Ne4 Nd5 10. Ng3 Bc5 11. O-O O-O 12. Bf5 Bxf5 13. Nxf5 Qf6 14. Ng3 Qg6 15. d3 Nb7 16. Re1 Rae8 17. Qh5 Qxh5 18. Nxh5 f5 19. Ng3 Kh7 20. Nc3 Nd6 21. Na4 Bb4 22. c3 Ba5 23. b4 Bc7 24. Bd2 Nb7 25. c4 Ne7 26. h4 g6 27. Bc3 f4 28. Ne4 Nf5 29. g3 Rd8 30. Rad1 Nd4 31. Bxd4 Rxd4 32. Nac5 Nxc5 33. Nxc5 fxg3 34. fxg3 Rf3 35. Ne6 Rd7 36. Nxc7 Rxc7 37. Kg2 Rf5 38. Rf1 Rxf1 39. Kxf1 Kg7 40. Ke2 Rd7 41. a4 Kf6 42. b5 Ke6 43. Ke3 a6 44. Rb1 axb5 45. cxb5 cxb5 46. axb5 Kf5 47. b6 Rb7 48. Kf3 h5 49. Rb5 Ke6 50. Ke4 Kd6 51. Rd5+ Kc6 52. Rxe5 Kxb6 53. Re6+ Kc5 54. d4+ Kb5 55. Rxg6 Re7+ 56. Kd5 Re3 57. Kd6 Kc4 58. d5 Kd4 59. Rg5 Ra3 60. Ke6 Re3+ 61. Kf6 Kc5 62. Kg6 Kd6 63. Kxh5 Ke7 64. Kg6 Rf3 65. g4 Rf6+ 66. Kh7 Ra6 67. Rg7+ Kf8 68. h5 Rd6 69. g5 Rxd5 70. h6 Rd6 71. g6 Ra6 72. Rb7 1-0

[Event "Kamp-Lintfort - Düsseldorf- Süd"]
[Site "?"]
[Date "2024.04.14"]
[Round "8.4"]
[White "Bosser, Heinz-Dieter"]
[Black "Reinartz, Achim"]
[Result "1/2-1/2"]
[WhiteElo "2010"]
[BlackElo "1941"]
[PlyCount "38"]
[EventDate "2024.??.??"]
[SourceVersionDate "2020.03.16"]

1. d4 d5 2. c4 dxc4 3. e3 Nf6 4. Bxc4 e6 5. Nf3 c5 6. O-O a6 7. a4 Nc6 8. Nc3 Be7 9. dxc5 Qxd1 10. Rxd1 Bxc5 11. Nd4 Bd7 12. Nxc6 Bxc6 13. b3 Ke7 14. Bb2 Rhd8 15. h3 g6 16. Kf1 Rd7 17. Rxd7+ Nxd7 18. Be2 Rc8 19. Rc1 Rd8 1/2-1/2

[Event "Kamp-Lintfort - Düsseldorf- Süd"]
[Site "?"]
[Date "2024.04.14"]
[Round "8.5"]
[White "Jaeckel, Norbert"]
[Black "Peschges, Paul"]
[Result "0-1"]
[WhiteElo "1906"]
[BlackElo "1919"]
[PlyCount "54"]
[EventDate "2024.??.??"]
[SourceVersionDate "2020.03.16"]

1. Nf3 Nf6 2. g3 d5 3. c4 e6 4. Bg2 c5 5. b3 Nc6 6. cxd5 exd5 7. O-O Be7 8. Bb2 O-O 9. d4 Bf5 10. Nh4 Be4 11. f3 Bxb1 12. Rxb1 Nxd4 13. Bxd4 cxd4 14. Qxd4 Qa5 15. Qb2 Ba3 16. Qc2 Rac8 17. Qd3 Rc3 18. Qf5 Re3 19. g4 Rxe2 20. g5 Nh5 21. Rbd1 Rd8 22. f4 Rd2 23. Bf3 g6 24. Qe5 Bd6 25. Qe1 Bxf4 26. Bxh5 Qc5+ 27. Rf2 Rxf2 0-1

[Event "Kamp-Lintfort - Düsseldorf- Süd "]
[Site "?"]
[Date "2024.04.14"]
[Round "8.6"]
[White "Esser, Jochen"]
[Black "Hamm, Norbert"]
[Result "1/2-1/2"]
[WhiteElo "2013"]
[BlackElo "1939"]
[PlyCount "46"]
[EventDate "2024.??.??"]
[SourceVersionDate "2020.03.16"]

1. e4 c5 2. Nf3 e6 3. d4 cxd4 4. c3 dxc3 5. Nxc3 Nc6 6. Bc4 d6 7. O-O Nf6 8. Qe2 Bd7 9. Rd1 Qb8 10. Bf4 Ne5 11. Bb3 Be7 12. Nd4 O-O 13. Bg5 h6 14. Bh4 Ng6 15. Bg3 Rd8 16. Rac1 a6 17. a4 Qa7 18. Kh1 Rac8 19. f4 Nf8 20. Bf2 Qb8 21. Bg3 Qa7 22. Bf2 Qb8 23. Bg3 Qa7 1/2-1/2

[Event "Kamp-Lintfort - Düsseldorf- Süd "]
[Site "?"]
[Date "2024.04.14"]
[Round "8.7"]
[White "Heinzel, Thomas"]
[Black "Schubert, Mario"]
[Result "1-0"]
[WhiteElo "1840"]
[BlackElo "1885"]
[PlyCount "55"]
[EventDate "2024.??.??"]
[SourceVersionDate "2020.03.16"]

1. d4 Nf6 2. c4 c5 3. d5 e6 4. Nc3 exd5 5. cxd5 d6 6. Nf3 Be7 7. g3 a6 8. a4 O-O 9. Bg2 b6 10. O-O Nbd7 11. Qc2 Rb8 12. Nh4 Ne5 13. Nf5 Bxf5 14. Qxf5 Qd7 15. Qc2 b5 16. f4 Ng6 17. e4 b4 18. Nd1 Bd8 19. Ne3 Re8 20. Nc4 Bc7 21. b3 Re7 22. Bb2 Ree8 23. Rad1 Rbd8 24. e5 Ng4 25. h3 Nh6 26. e6 fxe6 27. dxe6 Rxe6 28. Bd5 1-0

[Event "KKS 2- Leverkusen - "]
[Site "?"]
[Date "2024.04.14"]
[Round "8.1"]
[White "Esser, Michael"]
[Black "Bonnmann, Reinhard"]
[Result "0-1"]
[WhiteElo "2027"]
[BlackElo "2259"]
[PlyCount "88"]
[EventDate "2024.??.??"]
[SourceVersionDate "2020.03.16"]

1. e4 c5 2. c3 d5 3. exd5 Qxd5 4. d4 g6 5. Be3 Nf6 6. dxc5 Qxd1+ 7. Kxd1 Ng4 8. Bb5+ Bd7 9. Na3 Nxe3+ 10. fxe3 Bh6 11. Ke2 O-O 12. Nf3 Rc8 13. Rhd1 Bf5 14. b4 Bg7 15. Rac1 a5 16. Nc4 axb4 17. cxb4 Rxa2+ 18. Rd2 Rxd2+ 19. Nfxd2 Nc6 20. Bxc6 bxc6 21. Nf3 Rb8 22. Nb6 Rd8 23. Nc4 Be4 24. g3 Ra8 25. Ncd2 Ra2 26. Nd4 e5 27. N4b3 Bd5 28. Rc3 e4 29. Nd4 Rb2 30. b5 Bxd4 31. exd4 Rxb5 32. Ke3 f5 33. Ra3 Rb7 34. Kf4 Kf7 35. g4 Rb2 36. Ra7+ Ke6 37. gxf5+ gxf5 38. Rxh7 Rxd2 39. Rh6+ Ke7 40. Kxf5 Rf2+ 41. Ke5 e3 42. Rh7+ Rf7 43. Rh3 e2 44. Re3 Kd7 0-1

[Event "KKS 2 - Leverkusen"]
[Site "?"]
[Date "2024.04.14"]
[Round "8.3"]
[White "Classen, Harald"]
[Black "Wisskirchen, Andreas"]
[Result "0-1"]
[WhiteElo "1974"]
[BlackElo "2206"]
[PlyCount "90"]
[EventDate "2024.??.??"]
[SourceVersionDate "2020.03.16"]

1. c4 Nf6 2. Nc3 g6 3. d4 Bg7 4. e4 d6 5. h3 O-O 6. Be3 Nbd7 7. g4 c5 8. d5 Qa5 9. Qd2 a6 10. f3 Rb8 11. h4 h5 12. g5 Ne8 13. f4 b5 14. cxb5 axb5 15. Nf3 Nc7 16. Be2 Nb6 17. O-O Nc4 18. Bxc4 bxc4 19. f5 gxf5 20. exf5 Bxf5 21. Ne5 dxe5 22. Rxf5 Nb5 23. Raf1 Nd4 24. R5f2 e4 25. Kh1 Nf3 26. Qc2 Nxh4 27. Qxe4 Ng6 28. Qxc4 Ne5 29. Qxc5 Qxc5 30. Bxc5 Nd3 31. Bxe7 Nxf2+ 32. Rxf2 Rfc8 33. d6 Rb7 34. Nd5 Rc1+ 35. Kg2 Rd1 36. Nf6+ Bxf6 37. gxf6 Kh7 38. Rc2 Kg6 39. Kf3 Rb5 40. Rc7 Rbd5 41. Rc2 Kf5 42. b3 h4 43. Rb2 h3 44. Kg3 R5d3+ 45. Kh2 Kg4 0-1

[Event "KKS 2 - Leverkusen"]
[Site "?"]
[Date "2024.04.14"]
[Round "8.4"]
[White "Strehse, Nelson"]
[Black "Lessing, Sebastian"]
[Result "1-0"]
[WhiteElo "2021"]
[BlackElo "1890"]
[PlyCount "55"]
[EventDate "2024.??.??"]
[SourceVersionDate "2020.03.16"]

1. e4 c6 2. d4 d5 3. e5 Bf5 4. Nd2 e6 5. Nb3 Nd7 6. Nf3 c5 7. dxc5 Bxc5 8. Nxc5 Qa5+ 9. c3 Qxc5 10. Nd4 Ne7 11. f4 a6 12. Qa4 Rd8 13. Be3 Qc7 14. Qa3 Be4 15. Be2 Nf5 16. Nxf5 Bxf5 17. O-O Rg8 18. Bd4 g5 19. Rae1 gxf4 20. Rxf4 Rc8 21. Rxf5 exf5 22. e6 Nc5 23. Bh5 Rg6 24. exf7+ Kxf7 25. Re5 Nd3 26. Rxf5+ Ke6 27. Bxg6 hxg6 28. Rf6+ 1-0

[Event "KKS 2 - Leverkusen"]
[Site "?"]
[Date "2024.04.14"]
[Round "8.5"]
[White "Mazaheri Tehrani, Mehrdad"]
[Black "Meertens, Martin"]
[Result "1-0"]
[WhiteElo "1941"]
[BlackElo "2064"]
[PlyCount "67"]
[EventDate "2024.??.??"]
[SourceVersionDate "2020.03.16"]

1. Nf3 d5 2. g3 Nf6 3. Bg2 c5 4. O-O Nc6 5. d3 e6 6. Nc3 Be7 7. e4 d4 8. Nb5 a6 9. Na3 b5 10. c4 dxc3 11. bxc3 Bb7 12. Bb2 O-O 13. Qe2 Qb6 14. Rfd1 Rfd8 15. Rd2 Rd7 16. Nc2 Rad8 17. Rad1 Qc7 18. h4 Na5 19. Nh2 Bc6 20. Ng4 Nxg4 21. Qxg4 Bf8 22. Ne3 Nc4 23. Nxc4 bxc4 24. d4 cxd4 25. Rxd4 Rxd4 26. cxd4 Qb7 27. Bc3 f5 28. Qe2 Bxe4 29. Bxe4 Qxe4 30. Qxc4 Rd6 31. Re1 Qc6 32. Qb3 Qb5 33. Bb4 Rd5 34. Rxe6 1-0

[Event "KKS 2 - Leverkusen"]
[Site "?"]
[Date "2024.04.14"]
[Round "8.6"]
[White "Goldenstein, Arnd"]
[Black "Esser, Julian"]
[Result "1-0"]
[WhiteElo "1922"]
[BlackElo "1849"]
[PlyCount "61"]
[EventDate "2024.??.??"]
[SourceVersionDate "2020.03.16"]

1. d4 d5 2. c4 e6 3. Nc3 Nf6 4. Bg5 Be7 5. e3 O-O 6. Nf3 a6 7. c5 c6 8. b4 Nbd7 9. Bd3 Re8 10. Qc2 h6 11. Bf4 Bf8 12. O-O Nh5 13. g4 Nxf4 14. exf4 Be7 15. Rfe1 b6 16. Kh1 bxc5 17. bxc5 a5 18. Re3 Qc7 19. Ne2 Rb8 20. g5 hxg5 21. fxg5 Qa7 22. Bh7+ Kf8 23. Nf4 Nxc5 24. dxc5 Bxc5 25. Rc3 Bxf2 26. Rf1 d4 27. Rxf2 dxc3 28. Ng6+ fxg6 29. Ne5+ Qxf2 30. Qxf2+ Ke7 31. Qc5+ 1-0

[Event "KKS 2 - Leverkusen"]
[Site "?"]
[Date "2024.04.14"]
[Round "8.7"]
[White "Jiritschka, Wolfgang"]
[Black "Lemaic, Mile"]
[Result "0-1"]
[WhiteElo "1893"]
[BlackElo "1861"]
[PlyCount "170"]
[EventDate "2024.??.??"]
[SourceVersionDate "2020.03.16"]

1. c4 e5 2. Nc3 Nf6 3. Nf3 Nc6 4. d4 exd4 5. Nxd4 Bc5 6. e3 O-O 7. Be2 Re8 8. O-O d6 9. Nxc6 bxc6 10. Bf3 Bb7 11. Na4 Bb6 12. Bd2 Ne4 13. Nxb6 axb6 14. Bxe4 Rxe4 15. b3 Qf6 16. f3 Ree8 17. Qc2 c5 18. e4 h5 19. Bc3 Qg6 20. Qf2 Bc6 21. a4 f6 22. Rfe1 Kf7 23. Qg3 Qh6 24. h4 Re6 25. Rad1 Rg8 26. Bd2 g5 27. e5 fxe5 28. Bxg5 Qg7 29. Qh3 Rge8 30. Qf5+ Kg8 31. Re3 Qf7 32. Qxf7+ Kxf7 33. Kf2 Kg6 34. Re2 Kf5 35. Rdd2 Rg6 36. Re1 Reg8 37. Ra1 Ra8 38. Ke3 b5 39. a5 bxc4 40. bxc4 Bb7 41. Rb2 Ba6 42. Kd3 d5 43. g4+ hxg4 44. fxg4+ Kxg4 45. Rf2 Bxc4+ 46. Kc3 Kg3 47. Rf7 c6 48. Be7 Kg2 49. Bxc5 Rg3+ 50. Kd2 d4 51. Re7 Rd3+ 52. Kc2 Re3 53. Rg7+ Kf3 54. Bb6 Re2+ 55. Kc1 Rh2 56. Bc7 Rh1+ 57. Kb2 Rxa1 58. Kxa1 e4 59. Bb6 d3 60. Kb2 e3 61. Kc3 e2 62. Re7 Bb5 63. Kd2 Rh8 64. Rf7+ Kg4 65. Bf2 Ra8 66. Ra7 Rf8 67. Be1 Kf3 68. Re7 Ra8 69. Kc1 Kg2 70. Rf7 Rd8 71. Rf2+ Kg1 72. Rf5 Re8 73. h5 Rh8 74. Bd2 Kg2 75. h6 Rxh6 76. Rg5+ Kh3 77. Be1 Rf6 78. Kd2 Rd6 79. Kc3 Rd7 80. Bd2 Kh4 81. Rg1 Ra7 82. Kb4 Rf7 83. Re1 Rf1 84. Kc5 Kg3 85. Kb6 Kf2 0-1

[Event "Porz 3 - Kleve"]
[Site "?"]
[Date "2024.05.05"]
[Round "9.1"]
[White "Bruil, Rembrandt"]
[Black "Wittig, Till"]
[Result "1-0"]
[WhiteElo "2307"]
[BlackElo "1985"]
[PlyCount "35"]
[EventDate "2024.??.??"]
[SourceVersionDate "2020.03.16"]

1. c4 Nf6 2. Nf3 g6 3. g3 Bg7 4. d4 O-O 5. Bg2 d6 6. O-O c5 7. b3 Nc6 8. Bb2 e6 9. Nc3 a6 10. Qd2 Qa5 11. dxc5 dxc5 12. Na4 Nd7 13. Bxg7 Kxg7 14. Qb2+ f6 15. Ng5 Nde5 16. Rac1 fxg5 17. Bxc6 Qc7 18. Bg2 1-0

[Event "Porz 3- Kleve"]
[Site "?"]
[Date "2024.05.05"]
[Round "9.2"]
[White "Sistig, Max"]
[Black "Shakhverdian, William"]
[Result "1-0"]
[WhiteElo "1962"]
[BlackElo "2172"]
[PlyCount "85"]
[EventDate "2024.??.??"]
[SourceVersionDate "2020.03.16"]

1. d4 Nf6 2. c4 g6 3. Nc3 d6 4. e4 Bg7 5. Nf3 O-O 6. Be2 e5 7. O-O Nc6 8. d5 Ne7 9. Ne1 a5 10. Be3 Nd7 11. Nd3 f5 12. f3 f4 13. Bf2 b6 14. a3 g5 15. b4 Rf7 16. c5 bxc5 17. bxc5 Bf8 18. Nb5 Ng6 19. cxd6 cxd6 20. Na7 h5 21. Rc1 Nf6 22. Nxc8 Rxc8 23. Rxc8 Qxc8 24. Qa4 g4 25. Rc1 Qd8 26. Qc6 h4 27. Bb6 Qe7 28. Qc8 h3 29. Rc7 Nd7 30. Bxa5 g3 31. Qxd7 Qxd7 32. Rxd7 Rxd7 33. gxh3 Be7 34. Nb4 Rb7 35. Ba6 Ra7 36. a4 Nh4 37. hxg3 fxg3 38. Bb6 Ra8 39. a5 Nxf3+ 40. Kg2 Nd4 41. Bb7 Rf8 42. a6 Nb5 43. Bc6 1-0

[Event "Porz 3 - Kleve"]
[Site "?"]
[Date "2024.05.05"]
[Round "9.5"]
[White "Van Kuijk, Vadim"]
[Black "Machetti Meneses, Diego"]
[Result "1-0"]
[WhiteElo "2128"]
[BlackElo "1813"]
[PlyCount "51"]
[EventDate "2024.??.??"]
[SourceVersionDate "2020.03.16"]

1. e4 c5 2. Nf3 d6 3. d4 cxd4 4. Nxd4 Nf6 5. Nc3 a6 6. g3 e6 7. Bg2 Nbd7 8. O-O Qc7 9. Qd2 Rb8 10. a4 Ne5 11. b3 Bd7 12. f4 Nc6 13. Nxc6 Bxc6 14. Ba3 b5 15. axb5 axb5 16. Bb4 Be7 17. e5 dxe5 18. Bxc6+ Qxc6 19. Bxe7 Kxe7 20. fxe5 Qc5+ 21. Rf2 Qxe5 22. Ra7+ Kf8 23. Ne4 Nxe4 24. Qd7 Ng5 25. Rxf7+ Kg8 26. Rxg7+ 1-0